000 00583nam a2200193Ia 4500
003 IN-BaIIA
008 211028s9999 xx 000 0 eng d
040 _cIIA Library
080 _a535.33
_bLIP
245 0 _aSpectroscopium internationale
_cedited by Ellis R. Lippincott and Marvin Margoshes
260 _aWashington,
_bSpartan Books
_c1963
300 _aviii, 806p.
650 _aAbsorption Spectroscopy
_91788
650 _aNASA Thesaurus
650 _aSpectroscopy
_91535
700 _aLippincott, Ellis R., ed.
_94247
700 _aMargoshes, Marvin, ed.
_94248
942 _cBK
999 _c2373
_d2373